[Event "M7 Gruppe 1"]
[Site "Koge"]
[Date "2005.03.28"]
[Round "7"]
[White "Willumsen, Niels Henrik"]
[Black "Paaske, Asger"]
[Result "1-0"]
[WhiteElo "2156"]
[BlackElo "2111"]
[PlyCount "88"]
[EventDate "2005.03.22"]
[EventType "tourn"]
[EventRounds "7"]
[EventCountry "DEN"]

1. e4 c5 2. Nf3 Nc6 3. d4 cxd4 4. Nxd4 Nf6 5. Nc3 e5 6. Ndb5 d6 7. Bg5 a6 8.
Na3 b5 9. Bxf6 gxf6 10. Nd5 f5 11. Bd3 Be6 12. O-O Bxd5 13. exd5 Ne7 14. Re1
Bg7 15. c3 O-O 16. Nc2 e4 17. Bf1 Qb6 18. Qh5 b4 19. Nxb4 a5 20. Nc6 Nxc6 21.
dxc6 Qxb2 22. Qxf5 Bxc3 23. Rab1 Qc2 24. Rbc1 Qb2 25. Rb1 Qc2 26. Rec1 Qd2 27.
Qxe4 Rae8 28. Qg4+ Kh8 29. Qf3 Be5 30. g3 Rc8 31. Qf5 Rc7 32. Bd3 Qh6 33. Rc4
Qg6 34. Qf3 f5 35. Rb7 Qg7 36. Rh4 Rxb7 37. cxb7 d5 38. Qxd5 Bb8 39. Bxf5 h6
40. Rg4 Qf6 41. Qe6 Qxe6 42. Bxe6 Ba7 43. Kh1 Bxf2 44. Rf4 Rxf4 1-0

[Event "M7 Gruppe 1"]
[Site "Koge"]
[Date "2005.03.28"]
[Round "7"]
[White "Andersen, Tom Juul"]
[Black "Christensen, Bo Garner"]
[Result "0-1"]
[WhiteElo "2111"]
[BlackElo "2279"]
[PlyCount "81"]
[EventDate "2005.03.22"]
[EventType "tourn"]
[EventRounds "7"]
[EventCountry "DEN"]

1. c4 f5 2. Nc3 Nf6 3. Nf3 g6 4. g3 Bg7 5. Bg2 O-O 6. O-O Nc6 7. d4 d6 8. d5
Ne5 9. Nxe5 dxe5 10. e4 f4 11. f3 g5 12. g4 h5 13. h3 hxg4 14. hxg4 Qd6 15. Rf2
a6 16. a4 Qb4 17. Bf1 Bd7 18. Bd2 Qd6 19. b4 b6 20. Ne2 Bxg4 21. Nc1 Nxe4 22.
Nd3 Nxf2 23. Nxf2 Bf5 24. Rc1 Qh6 25. c5 e4 26. fxe4 Bxe4 27. Bc3 Bf5 28. Bxg7
Qxg7 29. Bc4 g4 30. d6+ e6 31. Qe2 Rfe8 32. d7 Qxd7 33. Qe5 g3 34. Qxf5 gxf2+
35. Kf1 Qf7 36. Qg4+ Kf8 37. Rc2 Qf5 38. Qh4 f3 39. Qh6+ Kf7 40. Qc1 Rh8 41.
Kxf2 0-1